[Event "DEM U12 2022"]
[Site "Willingen GER"]
[Date "2022.06.08"]
[Round "5"]
[White "Stichter, Constantin Paul"]
[Black "Glöckler, Christian"]
[Result "1-0"]
[Termination "normal"]
[Board "2"]
[WhiteElo "1472"]
[BlackElo "1847"]
[WhiteClock "00:23:34"]
[BlackClock "00:17:45"]
[PlyCount "79"]
[WhiteFideId "34603140"]
[BlackFideId "34608966"]
[EventCountry "GER"]
[EventRounds "9"]
[EventType "swiss"]
[EventDate "2022.06.04"]

1. d4 {[%clk 01:30:57]} {[%emt 00:00:02]} Nf6 {[%clk 01:30:51]} {[%emt
00:00:09]} 2. c4 {[%clk 01:31:22]} {[%emt 00:00:05]} g6 {[%clk 01:31:15]}
{[%emt 00:00:07]} 3. Nc3 {[%clk 01:31:49]} {[%emt 00:00:04]} Bg7 {[%clk
01:31:41]} {[%emt 00:00:03]} 4. e4 {[%clk 01:32:15]} {[%emt 00:00:04]} d6
{[%clk 01:32:09]} {[%emt 00:00:03]} 5. Be2 {[%clk 01:32:36]} {[%emt 00:00:09]}
O-O {[%clk 01:32:23]} {[%emt 00:00:15]} 6. Be3 {[%clk 01:33:01]} {[%emt
00:00:04]} e5 {[%clk 01:32:35]} {[%emt 00:00:18]} 7. d5 {[%clk 01:33:29]}
{[%emt 00:00:03]} a5 {[%clk 01:24:47]} {[%emt 00:08:18]} 8. g4 {[%clk
01:33:39]} {[%emt 00:00:20]} Na6 {[%clk 01:23:21]} {[%emt 00:01:56]} 9. g5
{[%clk 01:32:04]} {[%emt 00:02:06]} Ne8 {[%clk 01:21:25]} {[%emt 00:02:25]} 10.
h4 {[%clk 01:32:06]} {[%emt 00:00:27]} f5 {[%clk 01:15:16]} {[%emt 00:06:40]}
11. gxf6 {[%clk 01:31:06]} {[%emt 00:01:30]} Bxf6 {[%clk 01:14:22]} {[%emt
00:01:24]} 12. h5 {[%clk 01:28:59]} {[%emt 00:02:37]} g5 {[%clk 01:11:11]}
{[%emt 00:03:40]} 13. h6 {[%clk 01:25:45]} {[%emt 00:03:44]} Kh8 {[%clk
01:09:58]} {[%emt 00:01:43]} 14. Bg4 {[%clk 01:22:46]} {[%emt 00:03:29]} Rg8
{[%clk 01:08:54]} {[%emt 00:01:33]} 15. f3 {[%clk 01:20:12]} {[%emt 00:03:04]}
Be7 {[%clk 01:05:43]} {[%emt 00:03:42]} 16. Nge2 {[%clk 01:18:59]} {[%emt
00:01:42]} Nf6 {[%clk 01:04:27]} {[%emt 00:01:46]} 17. Ng3 {[%clk 01:19:09]}
{[%emt 00:00:19]} Nc5 {[%clk 01:01:32]} {[%emt 00:03:26]} 18. Bxc5 {[%clk
01:16:01]} {[%emt 00:03:36]} dxc5 {[%clk 01:01:44]} {[%emt 00:00:19]} 19. Qe2
{[%clk 01:15:22]} {[%emt 00:01:09]} Ne8 {[%clk 01:00:21]} {[%emt 00:01:53]} 20.
Nd1 {[%clk 01:09:59]} {[%emt 00:05:53]} b6 {[%clk 00:54:05]} {[%emt 00:06:46]}
21. a4 {[%clk 01:09:05]} {[%emt 00:01:24]} Rf8 {[%clk 00:49:36]} {[%emt
00:04:59]} 22. Ne3 {[%clk 01:06:11]} {[%emt 00:03:24]} Bxg4 {[%clk 00:45:10]}
{[%emt 00:04:56]} 23. fxg4 {[%clk 01:04:00]} {[%emt 00:02:42]} Rf4 {[%clk
00:43:48]} {[%emt 00:01:52]} 24. Nef5 {[%clk 01:03:21]} {[%emt 00:01:09]} Nf6
{[%clk 00:43:14]} {[%emt 00:01:04]} 25. Rf1 {[%clk 01:00:16]} {[%emt 00:03:34]}
Bf8 {[%clk 00:35:14]} {[%emt 00:08:30]} 26. O-O-O {[%clk 00:46:15]} {[%emt
00:14:31]} Qe8 {[%clk 00:34:09]} {[%emt 00:01:34]} 27. Rxf4 {[%clk 00:45:53]}
{[%emt 00:00:52]} exf4 {[%clk 00:32:41]} {[%emt 00:02:00]} 28. e5 {[%clk
00:42:58]} {[%emt 00:03:25]} fxg3 {[%clk 00:29:30]} {[%emt 00:03:41]} 29. Re1
{[%clk 00:42:46]} {[%emt 00:00:42]} g2 {[%clk 00:28:03]} {[%emt 00:01:57]} 30.
Qxg2 {[%clk 00:42:45]} {[%emt 00:00:31]} Qxa4 {[%emt 00:00:43]} 31. Kb1 {[%clk
00:40:40]} {[%emt 00:02:29]} Qb4 {[%clk 00:25:15]} {[%emt 00:03:11]} 32. Re3
{[%clk 00:31:50]} {[%emt 00:09:19]} Re8 {[%clk 00:23:48]} {[%emt 00:01:58]} 33.
Qe2 {[%clk 00:31:32]} {[%emt 00:00:47]} Ng8 {[%clk 00:23:42]} {[%emt 00:00:37]}
34. d6 {[%clk 00:26:23]} {[%emt 00:05:39]} Qa4 {[%clk 00:20:55]} {[%emt
00:03:18]} 35. e6 {[%clk 00:22:22]} {[%emt 00:04:31]} Bxd6 {[%clk 00:17:15]}
{[%emt 00:04:10]} 36. Nxd6 {[%clk 00:22:15]} {[%emt 00:00:37]} cxd6 {[%clk
00:17:35]} {[%emt 00:00:10]} 37. b3 {[%clk 00:22:43]} {[%emt 00:00:03]} Qc6
{[%clk 00:17:43]} {[%emt 00:00:22]} 38. Qb2+ {[%clk 00:23:06]} {[%emt
00:00:06]} Nf6 {[%clk 00:17:21]} {[%emt 00:00:52]} 39. Qxf6+ {[%clk 00:23:34]}
{[%emt 00:00:02]} Kg8 {[%clk 00:17:45]} {[%emt 00:00:07]} 40. Qg7# {[%emt
00:00:41]} 1-0

[Event "DEM U12 2022"]
[Site "Willingen GER"]
[Date "2022.06.08"]
[Round "5"]
[White "Neuhoff, Laertes"]
[Black "Uyar, Levin"]
[Result "1-0"]
[Termination "normal"]
[Board "8"]
[WhiteElo "1990"]
[BlackElo "1306"]
[WhiteClock "00:52:55"]
[BlackClock "00:05:07"]
[PlyCount "83"]
[WhiteFideId "16279719"]
[BlackFideId "16282108"]
[EventCountry "GER"]
[EventRounds "9"]
[EventType "swiss"]
[EventDate "2022.06.04"]

1. d4 {[%clk 01:30:57]} {[%emt 00:00:03]} Nf6 {[%clk 01:30:50]} {[%emt
00:00:10]} 2. c4 {[%clk 01:31:10]} {[%emt 00:00:18]} e6 {[%clk 01:31:08]}
{[%emt 00:00:12]} 3. g3 {[%clk 01:31:15]} {[%emt 00:00:25]} d5 {[%clk
01:31:22]} {[%emt 00:00:16]} 4. Bg2 {[%clk 01:31:01]} {[%emt 00:00:43]} c6
{[%clk 01:31:14]} {[%emt 00:00:38]} 5. Nf3 {[%clk 01:30:50]} {[%emt 00:00:42]}
Bd6 {[%clk 01:31:11]} {[%emt 00:00:32]} 6. O-O {[%clk 01:29:05]} {[%emt
00:02:15]} Nbd7 {[%clk 01:30:38]} {[%emt 00:01:03]} 7. Nc3 {[%clk 01:23:39]}
{[%emt 00:05:56]} O-O {[%clk 01:29:46]} {[%emt 00:01:23]} 8. Nd2 {[%clk
01:15:45]} {[%emt 00:08:24]} Re8 {[%clk 01:22:53]} {[%emt 00:07:23]} 9. e4
{[%clk 01:09:29]} {[%emt 00:06:45]} dxe4 {[%clk 01:22:52]} {[%emt 00:00:30]}
10. Ndxe4 {[%clk 01:08:44]} {[%emt 00:01:16]} Bc7 {[%clk 01:22:35]} {[%emt
00:00:47]} 11. b3 {[%clk 01:05:19]} {[%emt 00:03:56]} h6 {[%clk 01:08:56]}
{[%emt 00:14:09]} 12. Bb2 {[%clk 01:00:06]} {[%emt 00:05:43]} Nxe4 {[%clk
00:55:59]} {[%emt 00:13:26]} 13. Nxe4 {[%clk 00:59:46]} {[%emt 00:00:50]} e5
{[%clk 00:39:39]} {[%emt 00:16:50]} 14. d5 {[%clk 00:54:38]} {[%emt 00:05:39]}
cxd5 {[%clk 00:37:39]} {[%emt 00:02:30]} 15. cxd5 {[%clk 00:54:47]} {[%emt
00:00:20]} Nf6 {[%clk 00:36:25]} {[%emt 00:01:44]} 16. d6 {[%clk 00:51:40]}
{[%emt 00:03:37]} Nxe4 {[%clk 00:11:12]} {[%emt 00:25:43]} 17. dxc7 {[%clk
00:51:17]} {[%emt 00:00:53]} Qxd1 {[%emt 00:00:42]} 18. Raxd1 {[%clk 00:50:02]}
{[%emt 00:01:39]} Nc5 {[%clk 00:06:47]} {[%emt 00:04:50]} 19. Rd8 {[%clk
00:46:52]} {[%emt 00:03:39]} Bd7 {[%clk 00:05:41]} {[%emt 00:01:37]} 20. Rxa8
{[%clk 00:45:47]} {[%emt 00:01:34]} Rxa8 {[%clk 00:06:04]} {[%emt 00:00:07]}
21. Ba3 {[%clk 00:45:47]} {[%emt 00:00:30]} Ne6 {[%clk 00:04:27]} {[%emt
00:02:07]} 22. Bxb7 {[%clk 00:46:02]} {[%emt 00:00:15]} Nxc7 {[%clk 00:04:39]}
{[%emt 00:00:18]} 23. Bxa8 {[%clk 00:46:27]} {[%emt 00:00:06]} Nxa8 {[%clk
00:05:03]} {[%emt 00:00:05]} 24. Rd1 {[%clk 00:46:33]} {[%emt 00:00:24]} Nb6
{[%clk 00:04:21]} {[%emt 00:01:12]} 25. Bc5 {[%clk 00:46:47]} {[%emt 00:00:16]}
Bf5 {[%clk 00:01:59]} {[%emt 00:02:52]} 26. Bxb6 {[%clk 00:47:00]} {[%emt
00:00:17]} axb6 {[%clk 00:02:26]} {[%emt 00:00:04]} 27. Rd6 {[%clk 00:47:21]}
{[%emt 00:00:09]} b5 {[%clk 00:02:07]} {[%emt 00:00:49]} 28. Rd5 {[%clk
00:47:48]} {[%emt 00:00:02]} b4 {[%clk 00:02:18]} {[%emt 00:00:19]} 29. Rxe5
{[%clk 00:48:05]} {[%emt 00:00:13]} Bb1 {[%clk 00:02:37]} {[%emt 00:00:11]} 30.
Rb5 {[%clk 00:48:28]} {[%emt 00:00:07]} Bxa2 {[%clk 00:03:02]} {[%emt
00:00:06]} 31. Rxb4 {[%clk 00:48:51]} {[%emt 00:00:07]} Kf8 {[%clk 00:03:25]}
{[%emt 00:00:06]} 32. Rb7 {[%clk 00:49:14]} {[%emt 00:00:07]} Bb1 {[%clk
00:03:35]} {[%emt 00:00:20]} 33. Rc7 {[%clk 00:49:34]} {[%emt 00:00:10]} Bd3
{[%clk 00:03:47]} {[%emt 00:00:16]} 34. b4 {[%clk 00:50:01]} {[%emt 00:00:05]}
Ke8 {[%clk 00:03:44]} {[%emt 00:00:33]} 35. f4 {[%clk 00:50:13]} {[%emt
00:00:18]} Bg6 {[%clk 00:03:47]} {[%emt 00:00:26]} 36. Kf2 {[%clk 00:50:38]}
{[%emt 00:00:07]} Kd8 {[%clk 00:04:11]} {[%emt 00:00:07]} 37. Rc1 {[%clk
00:51:02]} {[%emt 00:00:06]} Be4 {[%clk 00:04:34]} {[%emt 00:00:06]} 38. b5
{[%clk 00:51:27]} {[%emt 00:00:06]} Kd7 {[%emt 00:00:18]} 39. b6 {[%clk
00:51:52]} {[%emt 00:00:04]} Bc6 {[%clk 00:05:07]} {[%emt 00:00:09]} 40. Ke3
{[%clk 00:52:17]} {[%emt 00:00:04]} g6 {[%clk 00:05:13]} {[%emt 00:00:24]} 41.
Kd4 {[%clk 00:52:35]} {[%emt 00:00:13]} f6 {[%clk 00:05:07]} {[%emt 00:00:37]}
42. Kc5 {[%clk 00:52:55]} {[%emt 00:00:10]} 1-0

[Event "DEM U12 2022"]
[Site "Willingen GER"]
[Date "2022.06.08"]
[Round "5"]
[White "Zhuikov, Edgard"]
[Black "Sydykov, Bayastan"]
[Result "1/2-1/2"]
[Termination "normal"]
[Board "9"]
[WhiteElo "1892"]
[BlackElo "1477"]
[WhiteClock "01:15:55"]
[BlackClock "00:16:51"]
[PlyCount "135"]
[WhiteFideId "34162941"]
[BlackFideId "13829610"]
[EventCountry "GER"]
[EventRounds "9"]
[EventType "swiss"]
[EventDate "2022.06.04"]

1. e4 {[%clk 01:30:58]} {[%emt 00:00:02]} e6 {[%clk 01:30:50]} {[%emt
00:00:11]} 2. d4 {[%clk 01:31:26]} {[%emt 00:00:02]} d5 {[%clk 01:31:14]}
{[%emt 00:00:05]} 3. Nd2 {[%clk 01:31:55]} {[%emt 00:00:02]} c5 {[%clk
01:31:32]} {[%emt 00:00:11]} 4. exd5 {[%clk 01:32:20]} {[%emt 00:00:05]} Qxd5
{[%clk 01:30:39]} {[%emt 00:01:23]} 5. Ngf3 {[%clk 01:32:41]} {[%emt 00:00:09]}
cxd4 {[%clk 01:30:36]} {[%emt 00:00:33]} 6. Bc4 {[%clk 01:32:44]} {[%emt
00:00:28]} Qd6 {[%clk 01:30:07]} {[%emt 00:00:58]} 7. O-O {[%clk 01:33:02]}
{[%emt 00:00:12]} Nf6 {[%clk 01:30:12]} {[%emt 00:00:26]} 8. Nb3 {[%clk
01:33:22]} {[%emt 00:00:09]} Nc6 {[%clk 01:30:13]} {[%emt 00:00:29]} 9. Nbxd4
{[%clk 01:33:37]} {[%emt 00:00:15]} Nxd4 {[%clk 01:30:04]} {[%emt 00:00:39]}
10. Nxd4 {[%clk 01:34:02]} {[%emt 00:00:06]} a6 {[%clk 01:29:26]} {[%emt
00:01:08]} 11. Re1 {[%clk 01:34:21]} {[%emt 00:00:11]} Be7 {[%clk 01:29:13]}
{[%emt 00:00:41]} 12. Bf1 {[%clk 01:34:33]} {[%emt 00:00:20]} O-O {[%clk
01:28:59]} {[%emt 00:00:44]} 13. c3 {[%clk 01:34:42]} {[%emt 00:00:21]} Rd8
{[%clk 01:28:23]} {[%emt 00:01:05]} 14. Qf3 {[%clk 01:34:13]} {[%emt 00:00:59]}
Nd5 {[%clk 01:19:29]} {[%emt 00:09:24]} 15. Bd3 {[%clk 01:25:58]} {[%emt
00:08:46]} Bf6 {[%clk 01:12:48]} {[%emt 00:07:11]} 16. Qe4 {[%clk 01:23:39]}
{[%emt 00:02:49]} g6 {[%clk 01:12:34]} {[%emt 00:00:44]} 17. Bh6 {[%clk
01:22:53]} {[%emt 00:01:15]} e5 {[%clk 01:11:51]} {[%emt 00:01:13]} 18. f4
{[%clk 01:22:14]} {[%emt 00:01:10]} Nxf4 {[%clk 01:11:22]} {[%emt 00:00:58]}
19. Bc2 {[%emt 00:00:50]} Ne6 {[%clk 01:07:32]} {[%emt 00:04:19]} 20. Nxe6
{[%clk 01:17:57]} {[%emt 00:04:28]} Bxe6 {[%clk 01:07:29]} {[%emt 00:00:32]}
21. Rf1 {[%clk 01:17:27]} {[%emt 00:01:01]} Bd5 {[%clk 01:05:28]} {[%emt
00:02:31]} 22. Qe3 {[%clk 01:16:44]} {[%emt 00:01:13]} Bg7 {[%clk 01:00:51]}
{[%emt 00:05:08]} 23. Bg5 {[%clk 01:16:22]} {[%emt 00:00:52]} Rdc8 {[%clk
00:58:57]} {[%emt 00:02:23]} 24. Rad1 {[%clk 01:13:55]} {[%emt 00:02:57]} Rc5
{[%clk 00:41:49]} {[%emt 00:17:37]} 25. b4 {[%clk 01:11:42]} {[%emt 00:02:46]}
Rc4 {[%clk 00:40:41]} {[%emt 00:01:37]} 26. Bb3 {[%clk 01:11:05]} {[%emt
00:01:06]} Qe6 {[%clk 00:33:14]} {[%emt 00:07:58]} 27. Bxc4 {[%clk 01:11:26]}
{[%emt 00:00:09]} Bxc4 {[%clk 00:33:35]} {[%emt 00:00:09]} 28. Rf2 {[%clk
01:11:39]} {[%emt 00:00:17]} e4 {[%clk 00:27:09]} {[%emt 00:06:56]} 29. Rfd2
{[%clk 01:11:33]} {[%emt 00:00:37]} Bd3 {[%clk 00:27:24]} {[%emt 00:00:15]} 30.
Rxd3 {[%clk 01:09:59]} {[%emt 00:02:05]} exd3 {[%clk 00:27:46]} {[%emt
00:00:08]} 31. Qxe6 {[%clk 01:09:52]} {[%emt 00:00:37]} fxe6 {[%clk 00:28:08]}
{[%emt 00:00:08]} 32. Rxd3 {[%clk 01:10:20]} {[%emt 00:00:02]} b5 {[%clk
00:26:45]} {[%emt 00:01:53]} 33. Bd2 {[%clk 01:10:18]} {[%emt 00:00:32]} Bf6
{[%clk 00:26:02]} {[%emt 00:01:13]} 34. Rd6 {[%clk 01:10:00]} {[%emt 00:00:47]}
Rd8 {[%clk 00:25:57]} {[%emt 00:00:35]} 35. Rxe6 {[%clk 01:09:46]} {[%emt
00:00:44]} Kf7 {[%clk 00:25:42]} {[%emt 00:00:44]} 36. Re2 {[%clk 01:10:03]}
{[%emt 00:00:13]} Rd3 {[%clk 00:26:03]} {[%emt 00:00:09]} 37. Kf2 {[%clk
01:09:16]} {[%emt 00:01:18]} Bxc3 {[%clk 00:26:00]} {[%emt 00:00:33]} 38. Bxc3
{[%clk 01:09:40]} {[%emt 00:00:06]} Rxc3 {[%clk 00:26:25]} {[%emt 00:00:04]}
39. g3 {[%clk 01:09:02]} {[%emt 00:01:09]} g5 {[%clk 00:26:04]} {[%emt
00:00:50]} 40. Kg2 {[%clk 01:08:46]} {[%emt 00:00:46]} h5 {[%clk 00:25:21]}
{[%emt 00:01:13]} 41. Rf2+ {[%clk 01:08:57]} {[%emt 00:00:20]} Ke6 {[%clk
00:25:32]} {[%emt 00:00:19]} 42. h3 {[%clk 01:09:09]} {[%emt 00:00:18]} Ke5
{[%clk 00:25:28]} {[%emt 00:00:33]} 43. Re2+ {[%clk 01:09:29]} {[%emt
00:00:10]} Kd4 {[%clk 00:25:30]} {[%emt 00:00:28]} 44. Rf2 {[%clk 01:09:52]}
{[%emt 00:00:08]} Ke4 {[%clk 00:20:12]} {[%emt 00:05:48]} 45. Re2+ {[%clk
01:10:11]} {[%emt 00:00:11]} Kd3 {[%clk 00:19:42]} {[%emt 00:00:59]} 46. Re5
{[%clk 01:10:35]} {[%emt 00:00:06]} g4 {[%clk 00:19:10]} {[%emt 00:01:02]} 47.
Rxh5 {[%clk 01:09:46]} {[%emt 00:01:19]} Rc2+ {[%clk 00:17:54]} {[%emt
00:01:46]} 48. Kf1 {[%clk 01:10:14]} {[%emt 00:00:03]} gxh3 {[%clk 00:17:47]}
{[%emt 00:00:37]} 49. Rxh3 {[%clk 01:10:40]} {[%emt 00:00:03]} Rxa2 {[%clk
00:18:01]} {[%emt 00:00:16]} 50. g4+ {[%clk 01:11:08]} {[%emt 00:00:03]} Ke4
{[%clk 00:18:23]} {[%emt 00:00:07]} 51. g5 {[%clk 01:11:26]} {[%emt 00:00:12]}
Kf5 {[%clk 00:18:39]} {[%emt 00:00:14]} 52. Rg3 {[%clk 01:11:37]} {[%emt
00:00:20]} Kf4 {[%clk 00:18:20]} {[%emt 00:00:49]} 53. Rh3 {[%clk 01:10:11]}
{[%emt 00:01:55]} Kxg5 {[%clk 00:18:42]} {[%emt 00:00:08]} 54. Rf3 {[%clk
01:10:35]} {[%emt 00:00:07]} Rb2 {[%clk 00:19:06]} {[%emt 00:00:06]} 55. Ra3
{[%clk 01:10:57]} {[%emt 00:00:09]} Kf4 {[%clk 00:19:24]} {[%emt 00:00:12]} 56.
Ke1 {[%clk 01:11:20]} Ke4 {[%clk 00:19:42]} {[%emt 00:00:18]} 57. Kd1 {[%emt
00:00:05]} Kd4 {[%clk 00:20:05]} {[%emt 00:00:07]} 58. Kc1 {[%clk 01:12:08]}
{[%emt 00:00:08]} Rxb4 {[%clk 00:18:25]} {[%emt 00:02:09]} 59. Rxa6 {[%clk
01:12:32]} {[%emt 00:00:06]} Kc3 {[%clk 00:18:18]} {[%emt 00:00:37]} 60. Rc6+
{[%clk 01:12:52]} {[%emt 00:00:11]} Rc4 {[%clk 00:17:50]} {[%emt 00:00:58]} 61.
Rh6 {[%clk 01:13:01]} {[%emt 00:00:48]} Kb3+ {[%clk 00:17:37]} {[%emt
00:00:44]} 62. Kb1 {[%clk 01:13:25]} {[%emt 00:00:05]} b4 {[%clk 00:17:48]}
{[%emt 00:00:18]} 63. Rh1 {[%clk 01:13:51]} {[%emt 00:00:04]} Rc3 {[%clk
00:17:54]} {[%emt 00:00:24]} 64. Rg1 {[%clk 01:14:17]} {[%emt 00:00:05]} Rf3
{[%clk 00:18:08]} {[%emt 00:00:16]} 65. Rh1 {[%clk 01:14:43]} {[%emt 00:00:05]}
Ka3 {[%clk 00:18:12]} {[%emt 00:00:26]} 66. Rg1 {[%clk 01:15:04]} {[%emt
00:00:09]} Rf2 {[%clk 00:17:06]} {[%emt 00:01:35]} 67. Rh1 {[%clk 01:15:29]}
{[%emt 00:00:05]} Rb2+ {[%clk 00:16:51]} {[%emt 00:00:46]} 68. Ka1 {[%clk
01:15:55]} {[%emt 00:00:04]} 1/2-1/2

[Event "DEM U12 2022"]
[Site "Willingen GER"]
[Date "2022.06.08"]
[Round "5"]
[White "Skembris, Simon Max"]
[Black "Malinowsky, Levi"]
[Result "1/2-1/2"]
[Termination "normal"]
[Board "10"]
[WhiteElo "1413"]
[BlackElo "1816"]
[WhiteClock "00:03:13"]
[BlackClock "00:12:38"]
[PlyCount "96"]
[WhiteFideId "16281381"]
[BlackFideId "16253094"]
[EventCountry "GER"]
[EventRounds "9"]
[EventType "swiss"]
[EventDate "2022.06.04"]

1. e4 {[%clk 01:30:56]} {[%emt 00:00:03]} c5 {[%clk 01:30:53]} {[%emt
00:00:07]} 2. Nf3 {[%clk 01:31:22]} {[%emt 00:00:04]} d6 {[%clk 01:31:10]}
{[%emt 00:00:14]} 3. d4 {[%clk 01:31:46]} {[%emt 00:00:06]} cxd4 {[%clk
01:31:29]} {[%emt 00:00:11]} 4. Nxd4 {[%clk 01:32:09]} {[%emt 00:00:08]} Nf6
{[%clk 01:31:45]} {[%emt 00:00:14]} 5. Nc3 {[%clk 01:32:30]} {[%emt 00:00:09]}
a6 {[%clk 01:31:48]} {[%emt 00:00:27]} 6. Be3 {[%clk 01:32:39]} {[%emt
00:00:20]} e5 {[%clk 01:31:21]} {[%emt 00:00:56]} 7. Nb3 {[%clk 01:32:47]}
{[%emt 00:00:22]} Be6 {[%clk 01:30:57]} {[%emt 00:00:54]} 8. h3 {[%clk
01:28:29]} {[%emt 00:04:48]} Be7 {[%clk 01:28:09]} {[%emt 00:03:19]} 9. f4
{[%clk 01:28:08]} {[%emt 00:00:50]} exf4 {[%clk 01:27:10]} {[%emt 00:01:29]}
10. Bxf4 {[%clk 01:28:28]} {[%emt 00:00:10]} Nc6 {[%clk 01:24:38]} {[%emt
00:03:02]} 11. Qd2 {[%clk 01:17:43]} {[%emt 00:11:15]} Rc8 {[%clk 01:19:07]}
{[%emt 00:06:02]} 12. O-O-O {[%clk 01:11:01]} {[%emt 00:07:12]} Nb4 {[%clk
01:00:44]} {[%emt 00:18:53]} 13. Kb1 {[%clk 01:06:46]} {[%emt 00:04:44]} Qb6
{[%clk 00:46:32]} {[%emt 00:14:41]} 14. Bxd6 {[%clk 00:55:00]} {[%emt
00:12:17]} Rd8 {[%clk 00:43:44]} {[%emt 00:03:18]} 15. e5 {[%clk 00:54:21]}
{[%emt 00:01:09]} Bxd6 {[%clk 00:43:40]} {[%emt 00:00:35]} 16. exd6 {[%clk
00:53:03]} {[%emt 00:01:47]} Nbd5 {[%clk 00:34:48]} {[%emt 00:09:23]} 17. Nxd5
{[%clk 00:47:37]} {[%emt 00:05:55]} Nxd5 {[%clk 00:34:10]} {[%emt 00:01:08]}
18. Be2 {[%clk 00:44:28]} {[%emt 00:03:39]} O-O {[%clk 00:31:10]} {[%emt
00:03:30]} 19. Bg4 {[%clk 00:36:14]} {[%emt 00:08:44]} Ne3 {[%clk 00:24:35]}
{[%emt 00:07:06]} 20. Qd4 {[%clk 00:27:16]} {[%emt 00:09:27]} Qxd4 {[%clk
00:22:27]} {[%emt 00:02:37]} 21. Rxd4 {[%clk 00:27:30]} {[%emt 00:00:16]} Bxg4
{[%clk 00:12:20]} {[%emt 00:10:38]} 22. hxg4 {[%clk 00:27:18]} {[%emt
00:00:41]} f5 {[%clk 00:12:30]} {[%emt 00:00:21]} 23. Nc5 {[%clk 00:19:26]}
{[%emt 00:08:22]} Rf6 {[%clk 00:11:35]} {[%emt 00:01:25]} 24. Nxb7 {[%clk
00:17:58]} {[%emt 00:01:59]} Rd7 {[%clk 00:11:47]} {[%emt 00:00:18]} 25. c4
{[%clk 00:15:16]} {[%emt 00:03:12]} Nxc4 {[%clk 00:10:42]} {[%emt 00:01:34]}
26. Rxc4 {[%clk 00:14:08]} {[%emt 00:01:38]} Rxb7 {[%clk 00:10:59]} {[%emt
00:00:12]} 27. Rc7 {[%clk 00:12:41]} {[%emt 00:01:58]} Rb8 {[%clk 00:09:24]}
{[%emt 00:02:06]} 28. d7 {[%clk 00:11:11]} {[%emt 00:01:59]} Rd8 {[%clk
00:09:14]} {[%emt 00:00:39]} 29. Rc8 {[%clk 00:06:17]} {[%emt 00:05:24]} Rff8
{[%clk 00:09:24]} {[%emt 00:00:20]} 30. Rhc1 {[%clk 00:05:43]} {[%emt
00:01:03]} Rxd7 {[%clk 00:09:27]} {[%emt 00:00:28]} 31. gxf5 {[%clk 00:04:54]}
{[%emt 00:01:20]} Rd5 {[%clk 00:08:40]} {[%emt 00:01:18]} 32. g4 {[%clk
00:04:57]} {[%emt 00:00:26]} h5 {[%clk 00:08:58]} {[%emt 00:00:12]} 33. gxh5
{[%clk 00:04:16]} {[%emt 00:01:10]} Rdxf5 {[%clk 00:09:17]} {[%emt 00:00:11]}
34. Rxf8+ {[%clk 00:04:17]} {[%emt 00:00:29]} Kxf8 {[%clk 00:09:38]} {[%emt
00:00:09]} 35. Rh1 {[%clk 00:03:32]} {[%emt 00:01:15]} Rf6 {[%clk 00:09:34]}
{[%emt 00:00:34]} 36. Kc2 {[%clk 00:03:33]} {[%emt 00:00:29]} Rh6 {[%clk
00:09:39]} {[%emt 00:00:25]} 37. Kb3 {[%clk 00:03:17]} {[%emt 00:00:46]} Ke7
{[%clk 00:09:57]} {[%emt 00:00:12]} 38. Ka4 {[%clk 00:03:25]} {[%emt 00:00:23]}
Kd7 {[%clk 00:10:18]} {[%emt 00:00:09]} 39. Ka5 {[%clk 00:03:15]} {[%emt
00:00:40]} Kc7 {[%clk 00:10:35]} {[%emt 00:00:14]} 40. Rc1+ {[%clk 00:03:23]}
{[%emt 00:00:22]} Kb7 {[%clk 00:10:55]} {[%emt 00:00:10]} 41. Rc5 {[%clk
00:03:44]} {[%emt 00:00:09]} g6 {[%clk 00:11:14]} {[%emt 00:00:11]} 42. hxg6
{[%emt 00:00:41]} Rxg6 {[%clk 00:11:35]} 43. b4 {[%clk 00:03:48]} {[%emt
00:00:24]} Rh6 {[%clk 00:11:43]} {[%emt 00:00:21]} 44. a4 {[%clk 00:03:19]}
{[%emt 00:01:01]} Rd6 {[%clk 00:11:47]} {[%emt 00:00:24]} 45. Rh5 {[%clk
00:03:13]} {[%emt 00:00:36]} Rd7 {[%clk 00:11:54]} {[%emt 00:00:23]} 46. Rh6
{[%clk 00:02:57]} {[%emt 00:00:47]} Rd5+ {[%clk 00:12:16]} {[%emt 00:00:08]}
47. b5 {[%clk 00:03:21]} {[%emt 00:00:06]} axb5 {[%clk 00:12:20]} {[%emt
00:00:26]} 48. axb5 {[%clk 00:03:13]} {[%emt 00:00:38]} Rd7 {[%clk 00:12:38]}
{[%emt 00:00:12]} 1/2-1/2